<?xml version="1.0" encoding="UTF-8"?>
<record
    xmlns:xsi="http://www.w3.org/2001/XMLSchema-instance"
    xsi:schemaLocation="http://www.loc.gov/MARC21/slim http://www.loc.gov/standards/marcxml/schema/MARC21slim.xsd"
    xmlns="http://www.loc.gov/MARC21/slim">

  <leader>01412namaa22003251i 4500</leader>
  <controlfield tag="005">20260301113919.0</controlfield>
  <controlfield tag="008">260209s1995    ua a|||frm||| 000 0 eng d</controlfield>
  <datafield tag="040" ind1=" " ind2=" ">
    <subfield code="a">EG-GICUC</subfield>
    <subfield code="b">eng</subfield>
    <subfield code="c">EG-GICUC</subfield>
    <subfield code="d">EG-GICUC</subfield>
    <subfield code="e">rda</subfield>
  </datafield>
  <datafield tag="041" ind1="0" ind2=" ">
    <subfield code="a">eng</subfield>
    <subfield code="b">eng</subfield>
    <subfield code="b">ara</subfield>
  </datafield>
  <datafield tag="049" ind1=" " ind2=" ">
    <subfield code="a">Deposit</subfield>
  </datafield>
  <datafield tag="097" ind1=" " ind2=" ">
    <subfield code="a">Ph.D</subfield>
  </datafield>
  <datafield tag="099" ind1=" " ind2=" ">
    <subfield code="a">Cai01.12.15.Ph.D.1995.Ma.G</subfield>
  </datafield>
  <datafield tag="100" ind1="0" ind2=" ">
    <subfield code="a">Mansour Abbas Eid, </subfield>
    <subfield code="e">preparation.</subfield>
  </datafield>
  <datafield tag="245" ind1="1" ind2="0">
    <subfield code="a">Geological and sedimentological studies of the cretaceous rocks east central Sinai Egypt / </subfield>
    <subfield code="c">By Mansour Abbas Eid; Supervised By Prof. Dr. A. M. Abdallah, Prof. Dr. Dr. M. A. Khalifa, Dr. A. A. Dardir</subfield>
  </datafield>
  <datafield tag="246" ind1="1" ind2="5">
    <subfield code="a">&#x62F;&#x631;&#x627;&#x633;&#x627;&#x62A; &#x648; &#x62C;&#x64A;&#x648;&#x644;&#x648;&#x62C;&#x64A;&#x629; &#x648; &#x631;&#x633;&#x648;&#x628;&#x64A;&#x629; &#x644;&#x635;&#x62E;&#x648;&#x631; &#x627;&#x644;&#x639;&#x635;&#x631; &#x627;&#x644;&#x637;&#x628;&#x627;&#x634;&#x64A;&#x631;&#x649; &#x641;&#x649; &#x648;&#x633;&#x637; &#x648; &#x634;&#x631;&#x642; &#x633;&#x64A;&#x646;&#x627;&#x621; - &#x645;&#x635;&#x631;</subfield>
  </datafield>
  <datafield tag="264" ind1=" " ind2="0">
    <subfield code="c">1995.</subfield>
  </datafield>
  <datafield tag="300" ind1=" " ind2=" ">
    <subfield code="a">261 Leaves : </subfield>
    <subfield code="b">illustrations ; </subfield>
    <subfield code="c">30 cm. + </subfield>
  </datafield>
  <datafield tag="336" ind1=" " ind2=" ">
    <subfield code="2">rda content</subfield>
    <subfield code="a">text</subfield>
  </datafield>
  <datafield tag="337" ind1=" " ind2=" ">
    <subfield code="2">rdamedia</subfield>
    <subfield code="a">Unmediated</subfield>
  </datafield>
  <datafield tag="338" ind1=" " ind2=" ">
    <subfield code="2">rdacarrier</subfield>
    <subfield code="a">volume</subfield>
  </datafield>
  <datafield tag="502" ind1=" " ind2=" ">
    <subfield code="a">Thesis (Ph.D)-Cairo University, 1995.</subfield>
  </datafield>
  <datafield tag="504" ind1=" " ind2=" ">
    <subfield code="a">Bibliography: pages 245-261</subfield>
  </datafield>
  <datafield tag="653" ind1=" " ind2="0">
    <subfield code="a">Geology </subfield>
    <subfield code="a">Cretaceous rocks-centeral sinai- egypt</subfield>
  </datafield>
  <datafield tag="700" ind1="0" ind2=" ">
    <subfield code="a">A. M. Abdallah</subfield>
    <subfield code="e">thesis advisor.</subfield>
  </datafield>
  <datafield tag="700" ind1="0" ind2=" ">
    <subfield code="a">M. A. Khalifa</subfield>
    <subfield code="e">thesis advisor.</subfield>
  </datafield>
  <datafield tag="700" ind1="0" ind2=" ">
    <subfield code="a">A. A. Dardir</subfield>
    <subfield code="e">thesis advisor.</subfield>
  </datafield>
  <datafield tag="900" ind1=" " ind2=" ">
    <subfield code="D">Department of Geology </subfield>
    <subfield code="F">Faculty of Science</subfield>
    <subfield code="U">Cairo University</subfield>
    <subfield code="b">1995</subfield>
    <subfield code="c">A. M. Abdallah</subfield>
    <subfield code="c">M. A. Khalifa</subfield>
    <subfield code="c">A. A. Dardir</subfield>
  </datafield>
  <datafield tag="905" ind1=" " ind2=" ">
    <subfield code="a">Nermeen-A</subfield>
    <subfield code="e">Nourhan</subfield>
  </datafield>
  <datafield tag="942" ind1=" " ind2=" ">
    <subfield code="2">ddc</subfield>
    <subfield code="c">TH</subfield>
    <subfield code="e">21</subfield>
    <subfield code="n">0</subfield>
  </datafield>
  <datafield tag="999" ind1=" " ind2=" ">
    <subfield code="c">178288</subfield>
  </datafield>
  <datafield tag="952" ind1=" " ind2=" ">
    <subfield code="2">ddc</subfield>
    <subfield code="9">314550</subfield>
    <subfield code="a">CUCL</subfield>
    <subfield code="b">100</subfield>
    <subfield code="d">2026-02-09</subfield>
    <subfield code="i">27825</subfield>
    <subfield code="o">Cai01.12.15.Ph.D.1995.Ma.G</subfield>
    <subfield code="p">01010110027825000</subfield>
    <subfield code="r">2026-02-09 11:42:17</subfield>
    <subfield code="w">2026-02-09</subfield>
    <subfield code="y">TH</subfield>
  </datafield>
</record>
